000 00705cam a22002292 4500
001 0000011859
005 20151217152102.0
008 090114s xx 000 0 eng d
020 _a032437665
040 _aKABU
_cKABU
050 0 _aHF5657.4
_b.H36 2007
100 1 _aHansen, Don R.
_@0000151820
245 1 0 _aManagement accounting /
_cDon R. Hansen, Maryanne M. Mowen.
250 _a8th ed.
260 _aCincinnati :
_bSouth-Western College Publishing,
_c2007.
300 _axix, 874 p. :
_bcol. ill.
650 0 _aManagerial accounting.
_@0000151472
700 1 _aMowen, Maryanne M.
_@0000151821
852 1 _9p
908 _a090114
950 _@1
999 _c8067
_d8067